|
|
|
|
| LEADER |
01217nam a2200337 a 4500 |
| 001 |
000530686 |
| 003 |
CZ BrMZK |
| 005 |
20201016210117.0 |
| 007 |
ta |
| 008 |
000115s2000 xr g f cze d |
| 015 |
|
|
|a cnb000973906
|
| 020 |
|
|
|a 80-241-0426-1
|
| 035 |
|
|
|a (OCoLC)45680435
|
| 040 |
|
|
|a BOA001
|b cze
|
| 072 |
|
7 |
|a 821.111(73)-3
|x Americká próza
|2 Konspekt
|9 25
|
| 080 |
|
|
|a 821.111(73)-31
|2 MRF
|
| 080 |
|
|
|a (0:82-312.5)
|2 MRF
|
| 100 |
1 |
|
|a London, Cait
|7 jn20001103702
|4 aut
|
| 245 |
1 |
0 |
|a Záhadné dědictví /
|c Cait Londonová ; [překlad z angličtiny: Helena Svobodová].
|
| 260 |
|
|
|a Praha :
|b Harlequin,
|c c2000
|
| 300 |
|
|
|a 160 s. ;
|c 17 cm
|
| 490 |
1 |
|
|a Desire na přání ;
|v 76 (P 08/00)
|
| 655 |
|
7 |
|a americké romány
|7 fd131796
|2 czenas
|
| 655 |
|
7 |
|a milostné romány
|7 fd132840
|2 czenas
|
| 700 |
1 |
|
|a Svobodová, Helena,
|c anglistka
|4 trl
|
| 765 |
0 |
|
|t Blaylock's bride
|
| 830 |
|
0 |
|a Desire na přání
|
| 856 |
4 |
1 |
|u http://www.digitalniknihovna.cz/mzk/uuid/uuid:6f18bea0-48fb-11e2-8910-005056827e51
|y Digitalizovaný dokument
|x NDK
|
| 910 |
|
|
|a BOA001
|b 1-1077.597
|
| 990 |
|
|
|a BK
|
| 996 |
6 |
|
|b 2610121932
|c 1-1077.597
|l MZK
|r Sklad / do 1 hodiny
|n 2
|p p.v.
|w 000530686
|u 000010
|a 1
|e BOA001
|j MZK50
|s P
|